Turecké volby 2015: konec dominance AKP?
Parlamentné voľby, ktoré sa konali v Turecku v tomto roku, boli do istej miery referendom o politickom kurze, ktorý nastolila Strana spravodlivosti a rozvoja (AKP) na čele so súčasným prezidentom Recepom Tayyipom Erdoğanom. Napriek jednoznačnému víťazstvu tejto strany došlo k politickému posunu, pre...
Salvato in:
| Autore principale: | |
|---|---|
| Natura: | Capitolo di libro |
| Lingua: | ceco |
| Soggetti: | |
| Tags: |
Nessun Tag, puoi essere il primo ad aggiungerne!!
|
MARC
| LEADER | 00000nla a2200000 4500 | ||
|---|---|---|---|
| 001 | 0205481 | ||
| 005 | 20240417075058.6 | ||
| 041 | 0 | |a cze | |
| 044 | |a CZ | ||
| 245 | 1 | 0 | |a Turecké volby 2015: konec dominance AKP? |c Marek Čejka |
| 520 | |a Parlamentné voľby, ktoré sa konali v Turecku v tomto roku, boli do istej miery referendom o politickom kurze, ktorý nastolila Strana spravodlivosti a rozvoja (AKP) na čele so súčasným prezidentom Recepom Tayyipom Erdoğanom. Napriek jednoznačnému víťazstvu tejto strany došlo k politickému posunu, pretože strana AKP nie je schopná zostaviť jednofarebnú väčšinovú vládu. Štyri hlavné politické strany v aktuálnom tureckom parlamente. | ||
| 610 | 2 | 0 | |a voľby |
| 610 | 2 | 0 | |a strany politické |
| 610 | 2 | 0 | |a parlamenty |
| 610 | 2 | 0 | |a politika vnútorná |
| 610 | 2 | 0 | |a Turecko |
| 100 | 1 | |a Čejka, Marek | |